| 000 | 00668nam a22002177a 4500 | ||
|---|---|---|---|
| 003 | BUBTL | ||
| 008 | 140202b xxu||||| |||| 00| 0 eng d | ||
| 020 | _a0071181431 | ||
| 082 | _a657.3/ W6436f/ 2001 | ||
| 100 |
_9197 _aWild, John J. |
||
| 245 |
_aFinancial statement analysis: _cJohn J. Wild, Leopold A. Bornstein and K. R. Subramanyam |
||
| 250 | _a7th ed. | ||
| 260 |
_aBoston: _birwin _cc2001 |
||
| 300 |
_a[xxi], 890p . : _bill. ; 25cm . |
||
| 500 | _aIncludes Index | ||
| 650 | 0 |
_918 _aFinance |
|
| 700 |
_9198 _aJohn J. Wild, Leopold A. Bornstein and K. R. Subramanyam |
||
| 856 |
_k0 _l0 _yDownload |
||
| 942 |
_2ddc _cBK |
||
| 999 |
_c142 _d142 |
||